00221nam a2200085Ia 4500008004100000041000800041100002700049245003600076260002300112240709s9999 xx 000 0 und d aeng aMrs. Manisha Deshpande aNumerical Techniques / Analysys bTech-Max Publisher